Statistics for Fast-Food Logo Quiz #1

Click here to take the quiz!

General Stats

  • This quiz has been taken 78 times
  • The average score is 15 of 24

Answer Stats

Answer% Correct
Mcdonalds
97%
Taco Bell
97%
KFC
95%
Wendys
95%
Dominos
94%
Dunkin Donuts
92%
Subway
92%
Pizza Hut
89%
Jack
86%
Burger King
82%
Chick-fil-a
82%
Carls JR
76%
Arby's
73%
Chipotle
67%
Popeyes
67%
Dairy Queen/ DQ
64%
A&W
41%
Nando's
33%
Sbarro
33%
El Pollo Loco
23%
Noodles & Company's
12%
Baja Fresh
11%
Taco Time
9%
Togo's
9%

Score Distribution

Percentile by Number Answered

Percent of People with Each Score

Your Score History

You have not taken this quiz